| 000 | 01472nam a2200349 a 4500 | ||
|---|---|---|---|
| 001 | ebr10636961 | ||
| 003 | CaPaEBR | ||
| 006 | m u | ||
| 007 | cr cn||||||||| | ||
| 008 | 120619s2012 inua sb 001 0 eng d | ||
| 010 | _z 2012023025 | ||
| 020 | _z9780253006424 (cl : alk. paper) | ||
| 020 | _z9780253006493 (pb : alk. paper) | ||
| 020 | _z9780253006530 (e-book) | ||
| 040 |
_aCaPaEBR _cCaPaEBR |
||
| 035 | _a(OCoLC)822890072 | ||
| 050 | 1 | 4 |
_aGT499 _b.B43 2012eb |
| 082 | 0 | 4 |
_a306.4 _223 |
| 245 | 0 | 0 |
_aBeauty unlimited _h[electronic resource] / _cedited by Peg Zeglin Brand ; foreword by Carolyn Korsmeyer. |
| 260 |
_aBloomington : _bIndiana University Press, _cc2012. |
||
| 300 |
_axv, 427 p. : _bill. |
||
| 504 | _aIncludes bibliographical references and index. | ||
| 505 | 0 | _apt. 1. Revising the concept of beauty : laying the groundwork -- pt. 2. Standards of beauty -- pt. 3. The body in performance -- pt. 4. Beauty and the state. | |
| 533 |
_aElectronic reproduction. _bPalo Alto, Calif. : _cebrary, _d2013. _nAvailable via World Wide Web. _nAccess may be limited to ebrary affiliated libraries. |
||
| 650 | 0 | _aBeauty, Personal. | |
| 650 | 0 |
_aHuman body _xSocial aspects. |
|
| 650 | 0 | _aBody image. | |
| 655 | 7 |
_aElectronic books. _2local |
|
| 700 | 1 | _aBrand, Peggy Zeglin. | |
| 710 | 2 | _aebrary, Inc. | |
| 856 | 4 | 0 |
_uhttp://site.ebrary.com/lib/rucke/Doc?id=10636961 _zAn electronic book accessible through the World Wide Web; click to view |
| 999 |
_c46450 _d46450 |
||